| 000 | 00811nam a22002897a 4500 | ||
|---|---|---|---|
| 001 | BR6600164 | ||
| 003 | BR-BrBNA | ||
| 005 | 20230928083437.0 | ||
| 007 | ta | ||
| 008 | 230509b bl.||||| |||| 00| 0 por d | ||
| 040 |
_aBR-BrBNA _bpor _cBiblioteca Nacional de Agricultura |
||
| 041 | _a(Por) | ||
| 072 |
_aL00 _b5213 _b9410 _b/G514 |
||
| 090 | _ 5213 BR6600164 | ||
| 100 | 1 | _aPeres, J.R. | |
| 110 | 1 |
_aConfederacao Nacional da Agricultura, Rio de Janeiro, GB (Brasil) _92520 |
|
| 245 | 1 | _aO guzera [Leite; Ganho de peso; Brasil] | |
| 250 | 1 | _a2. ed. | |
| 260 | 3 |
_aRio de Janeiro, GB (Brasil): _c[nd]. |
|
| 300 | _a16 p. | ||
| 500 | _a7 tables; Published after 1966 | ||
| 650 | _aGADO GUZERA | ||
| 650 | _aLEITE | ||
| 650 | _aGANHO DE PESO | ||
| 909 |
_a202309 _bLucia _c55 _dLucia Elande |
||
| 942 | _cBK | ||
| 999 |
_c13502 _d13502 |
||